Statistiques concernant Religion : L'Épître de saint Jacques

Cliquez ici pour prendre le quiz!

Statistiques générales

  • Ce quiz a été pris 22 fois
  • Le résultat moyen est 9 sur 16

Statistiques - réponses

QuestionsRéponses% Correct
Langue dans laquelle le texte original de l'épître a été écrit.Le grec ancien
94%
Testament dans lequel apparaît l'Épître de saint Jacques.Le Nouveau Testament
89%
Acte par lequel on s'adresse à Dieu ou à un saint dans le cadre d'une intercession, acte dont saint Jacques mettait en exergue l'efficacité aux versets 5.15-16 : "la _____ fervente du juste a beaucoup de puissance".La prière
78%
Complétez Jacques 2.5 : "Écoutez, mes frères bien-aimés : Dieu n’a-t-il pas choisi ceux qui sont _____ aux yeux du monde, pour être riches dans la foi et héritiers du royaume qu’Il a promis à ceux qui L’aiment ?"Pauvres
78%
Patriarche du Livre de la Genèse cité au verset 2.21. Il "offrit son fils Isaac sur l'autel".Abraham
72%
Théologien apostat et fondateur d'une religion influente qui rejetait l'Épître de saint Jacques comme une "épître de paille" qui ne serait pas "l'œuvre d'un Apôtre" "car elle n'a pas la manière de l'Évangile", c'est-à-dire parce qu'elle n'est pas en accord avec son interprétation des épîtres de saint Paul sur la justification par la foi seule (sola fide).Martin Luther
72%
Religion introduite par ce théologien.Le protestantisme
67%
Complétez le verset 2.24 : "Vous voyez que l’homme est justifié par les _____, et non par la foi seulement." (verset tiré de la Bible catholique Crampon)Œuvres
67%
Qualificatif qui se rapporte aux épîtres de saint Jaques, de saint Pierre, de saint Jean et de saint Jude, qualificatif qui signifie "universel".Catholique
56%
Selon Jacques 5.4, frustrer un ouvrier de son _____ est un crime à crier vengeance au ciel.Salaire
56%
Concile du XVIe siècle qui se veut une condamnation de la doctrine précédente (réponse #6) et qui cite Jacques 2.24 au chapitre 10 de ses décrets conciliaires traitant de la justification.Le Concile de Trente
50%
Sacrement dont l'Épitre de saint Jacques (5.14-15) constitue le principal fondement biblique.L'extrême-onction
44%
Hérétique du IIe siècle qui rejetait l'Épître de saint Jacques du canon ainsi que tous les autres livres de la Bible, ne conservant que certaines épîtres de saint Paul et l'Évangile selon saint Luc.Marcion
39%
Livre dans lequel apparait Rahab, l'aubergiste et prostituée qui aida des espions juifs lors de la Prise de Jéricho, ce qui permit sa conversion et sa justification. Elle est citée au verset 2.25.Le Livre de Josué
33%
Pape qui cita Jacques 5.4 dans son encyclique Rerum Novarum, encyclique qui jeta les bases de la doctrine sociale de l'Église.

"D'une manière générale, que le riche et le patron se souviennent qu'exploiter la pauvreté et la misère, et spéculer sur l'indigence sont choses que réprouvent également les lois divines et humaines."
Léon XIII
28%
Complétez le verset 1.17 : "Tout don excellent, toute grâce parfaite, descend d’en haut, du Père des lumières, en Qui n’existe aucune vicissitude, ni ombre de _________."

Le verset est tiré de la Bible catholique Crampon. Les autres bibles utilisent des synonymes qui peuvent être acceptés comme alternatives via les "type-ins".
Changement
22%

Distribution des résultats

Percentile par nombre de réponses

% des personnes avec chaque résultat

Votre développement - résultats

Vous n’avez pas pris ce quiz